00695nam a2200169 a 450000100060000000300090000600800410001502000150005604000280007108200190009910000340011824500260015226000230017830000120020150502100021365001020042322715CO-ViMGA141112s2004 ck r 000 u spa d a9586903907 aCO-ViMGAbspacCO-ViMGA04a340.0285 M176d1 aMarquez Escobar Carlos Pablo10aEl delito informatico aColombia : bLeyer a313 Pag aUna aproximacin a la teorica de la informacin y la comunicacion, La informacion como bien politico, economico y juridico, Informacion y delito , El delito lainformacion y los bienes juridicos tutelados14aDELITOS POR COMPUTADOR - ASPECTOS JURIDICO - COLOMBIA, DELITO INFORMATICO, INFORMATICA JURIDICA